| 000 | 00989nas a2200325 4500 | ||
|---|---|---|---|
| 001 | BR2012000625 | ||
| 003 | BR-BrBNA | ||
| 005 | 20231205120051.0 | ||
| 007 | ta | ||
| 008 | 230509b bl.|||p| |||| 00| 00por d | ||
| 040 |
_aBR-BrBNA _bpor _cBiblioteca Nacional de Agricultura |
||
| 041 | _a(Pt) | ||
| 072 | _aQ03 | ||
| 100 | 1 | _aLana, A.M. | |
| 100 | 1 | _aCrivellenti, L.C. | |
| 100 | 1 | _aAzeredo, E.M.C. de | |
| 100 | 1 | _aVeiga, S.M.O.M. | |
| 245 | 1 | _aAvaliação da qualidade microbiológica de cenoura e eficiência de diferentes tratamentos contra E. Coli | |
| 650 | _aCENOURA | ||
| 650 | _aDAUCUS CAROTA | ||
| 650 | _aANÁLISE MICROBIOLÓGICA | ||
| 650 | _aQUALIDADE | ||
| 650 | _aCONTAMINAÇÃO | ||
| 650 | _aSALMONELLA | ||
| 650 | _aESCHERICHIA COLI | ||
| 650 | _aMINAS GERAIS | ||
| 773 | 0 |
_tHigiêne Alimentar (Brazil) _xISSN 0101-9171 _g(Jul-Aug 2011), v. 25(198-199) p. 176-180 _wBR2012000625 |
|
| 909 |
_a202311 _bLúcia _c55 _dLúcia Elande |
||
| 942 |
_2AGRIS _n0 _cANA |
||
| 999 |
_c216920 _d216920 |
||